000 00604nam a22002057a 4500
008 131129b xxu||||| |||| 00| 0 ger d
020 _a978830515760
020 _a9783830505561
041 0 _ager
080 _a347
_x(497.2)
245 0 0 _aDas neue zivilverfahrensgesetz bulgariens /
260 _aWien :
_bNVG verlag ;
_bBWV ;
_c2008.
300 _a550 f. :
_c23 cm.
490 _aCenter of legal competence
500 _aVorwort der herausgeber : f. 11-14
650 0 _aE drejta civile
_yBullgaria
700 1 _aRechberger, Walter H. editor
700 1 _aOberhammer, Paul editor
942 _2udc
_cBK
999 _c371
_d371